[Event "ITA-ch semiblitz"]
[Site "Chianciano Terme"]
[Date "2018.04.02"]
[Round "4"]
[White "Efimov, Igor"]
[Black "Lapenna, Antonio"]
[Result "1-0"]
[WhiteElo "2401"]
[BlackElo "2248"]
[PlyCount "67"]
[EventDate "2018.04.02"]
[EventType "swiss (rapid)"]
[EventRounds "9"]
[EventCountry "ITA"]
[SourceTitle "CBM 183 Extra"]
[Source "ChessBase"]
[SourceDate "2018.04.19"]
[SourceVersion "1"]
[SourceVersionDate "2018.04.19"]
[SourceQuality "1"]

1. d4 d5 2. Bf4 c6 3. e3 Nd7 4. c4 e6 5. Nc3 Ngf6 6. h3 Bb4 7. Bd3 c5 8. a3 Ba5 9. Nf3 cxd4 10. exd4 dxc4 11. Bxc4 0-0 12. 0-0 Nb6 13. Ba2 Nbd5 14. Bd2 a6 15. Rc1 Bc7 16. Bb1 Bf4 17. Nxd5 Nxd5 18. Qc2 g6 19. Ne5 Qg5 20. Nf3 Qf6 21. Ba2 Bxd2 22. Qxd2 Nf4 23. Kh2 Bd7 24. g3 Nh5 25. Ne5 Bb5 26. Rfe1 Rac8 27. Ng4 Qf3 28. Re3 Rxc1 29. Rxf3 Bc6 30. Qxc1 Bxf3 31. Ne5 Be4 32. f3 f6 33. Bxe6+ Kh8 34. Nd7 1-0

[Event "ITA-ch sf 72nd"]
[Site "Civitanova Marche"]
[Date "2012.07.21"]
[Round "8"]
[White "Dobboletta, Alex"]
[Black "Lapenna, Antonio"]
[Result "0-1"]
[WhiteElo "2002"]
[BlackElo "2207"]
[PlyCount "64"]
[EventDate "2012.07.15"]
[EventType "swiss"]
[EventRounds "9"]
[EventCountry "ITA"]
[SourceTitle "EXT 2013"]
[Source "ChessBase"]
[SourceDate "2012.11.22"]
[SourceVersion "1"]
[SourceVersionDate "2012.11.22"]
[SourceQuality "1"]

1. e4 c5 2. Nf3 e6 3. d4 cxd4 4. Nxd4 a6 5. Nc3 b5 6. Be3 Bb7 7. f3 Nf6 8. Qd2 d5 9. exd5 Nxd5 10. Nxd5 Bxd5 11. 0-0-0 Nd7 12. f4 Bc5 13. f5 0-0 14. fxe6 fxe6 15. Nf3 Be7 16. Be2 Nf6 17. Ng5 Bxa2 18. Qxd8 Raxd8 19. Bf3 h6 20. Nh3 Bd5 21. Nf4 Bxf3 22. gxf3 Nd5 23. Nxd5 Rxd5 24. Rxd5 exd5 25. f4 Bd6 26. Rd1 Rf5 27. Rd2 Rxf4 28. Rxd5 Rf1+ 29. Kd2 Bxh2 30. Rd8+ Rf8 31. Rd7 Bf4 32. Ra7 Rd8+ 0-1

[Event "ITA-ch sf 72nd"]
[Site "Civitanova Marche"]
[Date "2012.07.15"]
[Round "1"]
[White "Lapenna, Antonio"]
[Black "Collutiis, Duilio"]
[Result "1/2-1/2"]
[WhiteElo "2207"]
[BlackElo "2508"]
[PlyCount "90"]
[EventDate "2012.07.15"]
[EventType "swiss"]
[EventRounds "9"]
[EventCountry "ITA"]
[SourceTitle "EXT 2013"]
[Source "ChessBase"]
[SourceDate "2012.11.22"]
[SourceVersion "1"]
[SourceVersionDate "2012.11.22"]
[SourceQuality "1"]

1. d4 Nf6 2. Nf3 g6 3. Nbd2 d5 4. c4 Bg7 5. g3 0-0 6. Bg2 e6 7. 0-0 b6 8. b3 Bb7 9. Ba3 Re8 10. Qc2 Nbd7 11. Rfd1 Rc8 12. c5 c6 13. b4 Ba6 14. e3 Qc7 15. Bb2 Qb7 16. Bc3 Be2 17. Re1 Bxf3 18. Bxf3 e5 19. dxe5 Nxe5 20. Bg2 bxc5 21. bxc5 Qb5 22. Bd4 Qd3 23. Qa4 Nfg4 24. Nf3 Qf5 25. Bxe5 Bxe5 26. Rab1 Bc3 27. Rf1 Rc7 28. Nd4 Bxd4 29. Qxd4 h5 30. Rb2 Rce7 31. h3 Ne5 32. Rb3 Nd7 33. Rfb1 Qc2 34. Qc3 Qf5 35. Rb7 Nf6 36. Rb8 Kg7 37. R1b2 Qe6 38. Rxe8 Rxe8 39. Rb4 Kg8 40. Qb2 Nd7 41. Qd4 Nf8 42. Rb7 Re7 43. Rb8 Re8 44. Rb7 Re7 45. Rb8 Re8 1/2-1/2

[Event "Porto San Giorgio op 23rd"]
[Site "Porto San Giorgio"]
[Date "2011.08.23"]
[Round "4"]
[White "Di Lascio, Savino"]
[Black "Lapenna, Antonio"]
[Result "1-0"]
[WhiteElo "1982"]
[BlackElo "2150"]
[PlyCount "99"]
[EventDate "2011.08.21"]
[EventType "swiss"]
[EventRounds "9"]
[EventCountry "ITA"]
[SourceTitle "CBM 144 Extra"]
[Source "ChessBase"]
[SourceDate "2011.10.28"]
[SourceVersion "1"]
[SourceVersionDate "2011.10.28"]
[SourceQuality "1"]

1. Nf3 Nf6 2. g3 g6 3. b4 Bg7 4. Bb2 0-0 5. Bg2 c5 6. bxc5 Qa5 7. 0-0 Qc7 8. Bd4 Na6 9. Nc3 Qc6 10. Ne5 Qc7 11. Nb5 Qd8 12. c4 Ne8 13. Qb3 Nxc5 14. Bxc5 d6 15. Nxf7 Rxf7 16. Bd4 e5 17. Bb2 Nf6 18. d4 e4 19. d5 Bg4 20. Rab1 Bxe2 21. Rfe1 Bd3 22. Rbd1 Rc8 23. Rxd3 exd3 24. Bh3 d2 25. Rd1 Ne4 26. Be6 Ng5 27. Bxf7+ Nxf7 28. Bxg7 Kxg7 29. Rxd2 Ne5 30. Nd4 Qd7 31. Ne6+ Kg8 32. Rc2 b6 33. f4 Nf7 34. Re2 Nd8 35. Ng5 Nf7 36. Ne4 Qc7 37. Nf6+ Kf8 38. Nxh7+ Kg7 39. Ng5 Nxg5 40. Qc3+ Kh6 41. fxg5+ Kxg5 42. Qd2+ Kf6 43. Re6+ Kg7 44. Qg5 Qf7 45. Re7 Rxc4 46. Rxf7+ Kxf7 47. Qd2 Rc1+ 48. Kf2 Kf6 49. Qf4+ Ke7 50. Qe4+ 1-0

[Event "Porto San Giorgio op 23rd"]
[Site "Porto San Giorgio"]
[Date "2011.08.23"]
[Round "3"]
[White "Lapenna, Antonio"]
[Black "Prohaszka, Peter"]
[Result "0-1"]
[WhiteElo "2150"]
[BlackElo "2547"]
[PlyCount "136"]
[EventDate "2011.08.21"]
[EventType "swiss"]
[EventRounds "9"]
[EventCountry "ITA"]
[SourceTitle "CBM 144 Extra"]
[Source "ChessBase"]
[SourceDate "2011.10.28"]
[SourceVersion "1"]
[SourceVersionDate "2011.10.28"]
[SourceQuality "1"]

1. d4 Nf6 2. Nf3 d5 3. g3 e6 4. Bg2 Be7 5. 0-0 0-0 6. b3 a5 7. c4 a4 8. Ba3 Nbd7 9. Bxe7 Qxe7 10. Nc3 Ne4 11. Qc2 Nxc3 12. Qxc3 c6 13. Rfe1 Rd8 14. e4 dxe4 15. Rxe4 axb3 16. axb3 Rxa1+ 17. Qxa1 c5 18. d5 Nf6 19. Re1 Qc7 20. dxe6 Bxe6 21. Ng5 Bf5 22. Ne4 Bxe4 23. Bxe4 h6 24. Bg2 b6 25. Qc3 Qd6 26. Ra1 Re8 27. h3 Re2 28. Qf3 Re8 29. Ra8 Rxa8 30. Qxa8+ Kh7 31. Bd5 Qc7 32. Kg2 g5 33. Qa1 Kg6 34. Qb1+ Kg7 35. Bf3 Qe5 36. Qd1 Qc3 37. Bd5 Qe5 38. Bf3 Ne8 39. Qd7 Qe6 40. Qd3 Nd6 41. b4 Nxc4 42. bxc5 bxc5 43. Qc3+ Kg8 44. Qc2 Ne5 45. Qxc5 Nxf3 46. Kxf3 Qxh3 47. Qe5 Qh1+ 48. Ke2 Qc6 49. Kf1 Kh7 50. g4 Qc4+ 51. Ke1 Qxg4 52. Qc7 Qf4 53. Qc2+ Kg7 54. Kf1 h5 55. Qc3+ Qf6 56. Qb4 h4 57. Kg2 Qc6+ 58. Kh2 Qf3 59. Qd4+ Kg6 60. Qb6+ f6 61. Qb1+ Kh6 62. Qf1 Kh5 63. Qg1 g4 64. Qe1 Qxf2+ 65. Qxf2 g3+ 66. Qxg3 hxg3+ 67. Kxg3 Kg5 68. Kf3 Kf5 0-1

[Event "Budapest FS08 IM-A"]
[Site "Budapest"]
[Date "2011.08.12"]
[Round "7"]
[White "Lapenna, Antonio"]
[Black "Farago, Sandor"]
[Result "1-0"]
[WhiteElo "2150"]
[BlackElo "2269"]
[PlyCount "71"]
[EventDate "2011.08.06"]
[EventType "tourn"]
[EventRounds "9"]
[EventCountry "HUN"]
[EventCategory "1"]
[SourceTitle "CBM 143 Extra"]
[Source "ChessBase"]
[SourceDate "2011.08.29"]
[SourceVersion "1"]
[SourceVersionDate "2011.08.29"]
[SourceQuality "1"]

1. d4 d5 2. Nf3 Nf6 3. g3 c6 4. Bg2 Bf5 5. Nbd2 h6 6. 0-0 e6 7. b3 Nbd7 8. Bb2 Be7 9. Ne5 0-0 10. c4 a5 11. a3 Qc7 12. Nxd7 Qxd7 13. Re1 Rfd8 14. e4 dxe4 15. Nxe4 Nxe4 16. Bxe4 Bf6 17. Bxf5 exf5 18. Qc2 f4 19. Rad1 Re8 20. Bc3 h5 21. Qd3 h4 22. d5 Bxc3 23. Qxc3 cxd5 24. Rxd5 Qh3 25. Rxe8+ Rxe8 26. Re5 Rc8 27. Qe1 fxg3 28. fxg3 Rc6 29. Rh5 Re6 30. Qd1 Re8 31. Rxh4 Qf5 32. Kg2 g5 33. Rd4 Re3 34. Rd8+ Kh7 35. Qh5+ Kg7 36. Qh8+ 1-0

[Event "Budapest FS08 IM-A"]
[Site "Budapest"]
[Date "2011.08.11"]
[Round "6"]
[White "Franchini, Gabriele"]
[Black "Lapenna, Antonio"]
[Result "1/2-1/2"]
[WhiteElo "2170"]
[BlackElo "2150"]
[PlyCount "72"]
[EventDate "2011.08.06"]
[EventType "tourn"]
[EventRounds "9"]
[EventCountry "HUN"]
[EventCategory "1"]
[SourceTitle "CBM 143 Extra"]
[Source "ChessBase"]
[SourceDate "2011.08.29"]
[SourceVersion "1"]
[SourceVersionDate "2011.08.29"]
[SourceQuality "1"]

1. e4 c5 2. Nf3 Nc6 3. d4 cxd4 4. Nxd4 g6 5. Be3 Nf6 6. Nc3 Bg7 7. Nxc6 bxc6 8. e5 Nd5 9. Nxd5 cxd5 10. Qxd5 Rb8 11. Bc4 0-0 12. 0-0 d6 13. exd6 Be6 14. dxe7 Qxe7 15. Qe4 Rb4 16. b3 Bxa1 17. Rxa1 Qc7 18. c3 Rxc4 19. bxc4 Qxc4 20. Qxc4 Bxc4 21. Bxa7 Ra8 22. Bd4 Rxa2 23. Rb1 Ra8 24. f3 Rc8 25. Kf2 Kf8 26. Rb7 Be6 27. h4 h5 28. Ke3 Bd5 29. Ra7 Ra8 30. Rc7 Be6 31. c4 Rc8 32. Rxc8+ Bxc8 33. Ke4 Ke7 34. Kd5 Be6+ 35. Kc5 Kd7 36. Kb5 Kc8 1/2-1/2

[Event "ITA-ch U20"]
[Site "Bratto"]
[Date "2008.08.25"]
[Round "4"]
[White "Andreoni, Giuseppe"]
[Black "Lapenna, Antonio"]
[Result "1/2-1/2"]
[WhiteElo "1993"]
[BlackElo "2118"]
[PlyCount "118"]
[EventDate "2008.08.22"]
[EventType "swiss"]
[EventRounds "9"]
[EventCountry "ITA"]
[SourceTitle "CBM 126 Extra"]
[Source "ChessBase"]
[SourceDate "2008.11.05"]
[SourceVersion "1"]
[SourceVersionDate "2008.11.05"]
[SourceQuality "1"]

1. e4 c5 2. Nf3 d6 3. d4 Nf6 4. Nc3 cxd4 5. Nxd4 a6 6. Bg5 e6 7. f4 Be7 8. Qf3 Qc7 9. 0-0-0 0-0 10. Bd3 Nbd7 11. Rhe1 Re8 12. Qg3 Nc5 13. e5 dxe5 14. fxe5 Nd5 15. Nf5 Bf8 16. Nxd5 exd5 17. Nxg7 Bxg7 18. Bf6 Ne6 19. Qh4 Nf8 20. Bxh7+ Nxh7 21. Qg3 Nxf6 22. exf6 Qxg3 23. Rxe8+ Kh7 24. hxg3 Bxf6 25. Rh1+ Kg6 26. Rg8+ Kf5 27. Re1 Be5 28. g4+ Kf6 29. g5+ Kf5 30. g4+ Kf4 31. Re8 Bd6 32. Rh1 Kxg5 33. Rhh8 Bf4+ 34. Kb1 b5 35. Rxc8 Ra7 36. Rh5+ Kxg4 37. Rxd5 Re7 38. a4 bxa4 39. Rc4 Re1+ 40. Ka2 Re2 41. Rd6 Rxc2 42. Rxc2 Bxd6 43. Rc4+ Kg5 44. Rxa4 f5 45. Rxa6 Be5 46. Ra5 Kf6 47. Kb1 f4 48. Kc2 Ke6 49. b3 f3 50. Kd3 f2 51. Ke2 Bd4 52. Rh5 Kd6 53. Rf5 Kc6 54. Kd3 Ba7 55. Kc4 Kd6 56. Kb5 Ke6 57. Rf3 Ke5 58. Rf7 Ke4 59. Re7+ Kd3 1/2-1/2

[Event "ITA-ch Lampo Online 2nd"]
[Site "Playchess.com INT"]
[Date "2007.12.23"]
[Round "3.2"]
[White "Caselli, Luigi"]
[Black "Lapenna, Antonio"]
[Result "1-0"]
[WhiteElo "2257"]
[BlackElo "2124"]
[PlyCount "123"]
[EventDate "2007.12.23"]
[EventType "k.o. (blitz)"]
[EventRounds "6"]
[EventCountry "ITA"]
[SourceTitle "EXT 2010"]
[Source "ChessBase"]
[SourceDate "2010.11.25"]
[SourceVersion "1"]
[SourceVersionDate "2010.11.25"]
[SourceQuality "1"]

1. d4 e6 2. Nf3 c5 3. c3 Nf6 4. Bg5 Be7 5. Nbd2 b6 6. e3 Bb7 7. Bd3 0-0 8. 0-0 h6 9. Bh4 d6 10. Re1 Re8 11. e4 Nc6 12. a3 e5 13. dxe5 Nxe5 14. Nxe5 dxe5 15. Nc4 Qc7 16. Bg3 Bf8 17. Qf3 b5 18. Ne3 c4 19. Bc2 Rad8 20. Nf5 Bc5 21. Nxh6+ Kf8 22. Nf5 Rd2 23. Rac1 Qb6 24. Re2 Red8 25. Rce1 Rxc2 26. Rxc2 Bxe4 27. Rxe4 Nxe4 28. h4 Nxg3 29. Qxg3 g6 30. Qxe5 gxf5 31. Qh8+ Ke7 32. Re2+ Kd7 33. Rd2+ Bd6 34. Qf6 Kc7 35. Qxf7+ Rd7 36. Qxf5 Bh2+ 37. Kxh2 Rxd2 38. Qf7+ Kb8 39. Qg8+ Kb7 40. f3 Qc7+ 41. Kh3 Qc8+ 42. Qxc8+ Kxc8 43. h5 Kd7 44. g4 Ke6 45. f4 Rxb2 46. Kh4 Rh2+ 47. Kg5 Rd2 48. f5+ Kf7 49. h6 Kg8 50. Kg6 Rd6+ 51. f6 Kh8 52. g5 a5 53. Kf7 b4 54. g6 Rd7+ 55. Ke8 Ra7 56. g7+ Kh7 57. f7 Ra8+ 58. Ke7 Ra7+ 59. Kd6 Kxh6 60. Kc5 Ra6 61. Kd4 Rg6 62. Kxc4 1-0

[Event "ITA-ch Lampo Online 2nd"]
[Site "Playchess.com INT"]
[Date "2007.12.23"]
[Round "1.2"]
[White "Lapenna, Antonio"]
[Black "Rombaldoni, Denis"]
[Result "1/2-1/2"]
[WhiteElo "2124"]
[BlackElo "2436"]
[PlyCount "137"]
[EventDate "2007.12.23"]
[EventType "k.o. (blitz)"]
[EventRounds "6"]
[EventCountry "ITA"]
[SourceTitle "EXT 2010"]
[Source "ChessBase"]
[SourceDate "2010.11.25"]
[SourceVersion "1"]
[SourceVersionDate "2010.11.25"]
[SourceQuality "1"]

1. d4 Nf6 2. Nf3 e6 3. g3 b6 4. Bg2 Bb7 5. 0-0 Be7 6. c4 0-0 7. Nc3 Ne4 8. Nxe4 Bxe4 9. Nd2 Bxg2 10. Kxg2 d5 11. cxd5 exd5 12. Nf3 c5 13. Bf4 Nc6 14. dxc5 bxc5 15. Qa4 Qb6 16. Rfd1 Rfd8 17. b3 h6 18. h4 Rac8 19. Rac1 Qb4 20. Qa6 Qb6 21. Qd3 Qa5 22. Qf5 Qxa2 23. Rxd5 Qxb3 24. Rcd1 Nd4 25. Rxd8+ Rxd8 26. Qb1 Qxb1 27. Rxb1 Nxe2 28. Be3 Nd4 29. Ra1 Rd7 30. Ne5 Rc7 31. Rc1 Ne6 32. Nc4 Bf6 33. Rb1 Bd4 34. Bd2 h5 35. Ba5 Rd7 36. Rb8+ Kh7 37. Rc8 g6 38. Rb8 Ng7 39. Rb1 Nf5 40. Rc1 Nd6 41. Nd2 Nb5 42. Ne4 Re7 43. Nxc5 Re2 44. Nd3 Nd6 45. Re1 Rxe1 46. Bxe1 Nc4 47. Kf3 a5 48. Ke4 Bf6 49. Kd5 Nb6+ 50. Kc6 Nc4 51. Kb5 Ne5 52. Nxe5 Bxe5 53. Bxa5 f5 54. Be1 Kg7 55. Kc4 Kf6 56. Kd3 Bc7 57. Ke2 Ke6 58. Kf3 Be5 59. Kg2 Kd5 60. Bd2 Bd4 61. Bf4 Ke4 62. Bg5 Kd3 63. f3 Ke2 64. g4 fxg4 65. fxg4 hxg4 66. Kg3 Kd3 67. Kxg4 Ke4 68. h5 gxh5+ 69. Kxh5 1/2-1/2

[Event "Porto San Giorgio op"]
[Site "Porto San Giorgio"]
[Date "2007.08.21"]
[Round "1"]
[White "Lapenna, Antonio"]
[Black "Hamdouchi, Hicham"]
[Result "0-1"]
[WhiteElo "2108"]
[BlackElo "2576"]
[PlyCount "108"]
[EventDate "2007.08.21"]
[EventType "swiss"]
[EventRounds "9"]
[EventCountry "ITA"]
[SourceTitle "CBM 120 Extra"]
[Source "ChessBase"]
[SourceDate "2007.11.01"]
[SourceVersion "1"]
[SourceVersionDate "2007.11.01"]
[SourceQuality "1"]

1. d4 e6 2. Nf3 c5 3. e3 Nf6 4. Bd3 b6 5. 0-0 Bb7 6. Nbd2 g6 7. c3 Bg7 8. e4 d6 9. a3 0-0 10. b4 Nh5 11. Re1 Nc6 12. Bb2 a6 13. Bf1 Qc7 14. g3 Rad8 15. Bg2 Bc8 16. Nf1 Ne7 17. Qe2 Rfe8 18. Rad1 Bb7 19. Bc1 Nf6 20. Qd3 cxd4 21. cxd4 Rc8 22. e5 dxe5 23. dxe5 Red8 24. Qe2 Nfd5 25. Bb2 Nc3 26. Rxd8+ Qxd8 27. Qd2 Na4 28. Ba1 h6 29. Qxd8+ Rxd8 30. N3d2 Bxg2 31. Kxg2 Rc8 32. Ne3 Nf5 33. Ndc4 b5 34. Nxf5 gxf5 35. Ne3 Nb6 36. f4 Nc4 37. Nxc4 Rxc4 38. Re2 Bf8 39. Rd2 Kg7 40. Kf3 a5 41. bxa5 Ra4 42. Bb2 Bxa3 43. Bc3 Bf8 44. Rd3 b4 45. Bb2 Rxa5 46. Rb3 Ra7 47. h3 h5 48. g4 hxg4+ 49. hxg4 Kg6 50. Bc1 Ra1 51. Bd2 Ra3 52. Rxa3 bxa3 53. Bc3 Bc5 54. Ba1 fxg4+ 0-1

[Event "Bratto op 26th"]
[Site "Bratto"]
[Date "2006.08.26"]
[Round "8"]
[White "Guido, Flavio"]
[Black "Lapenna, Antonio"]
[Result "1-0"]
[WhiteElo "2323"]
[BlackElo "2079"]
[PlyCount "127"]
[EventDate "2006.08.19"]
[EventType "swiss"]
[EventRounds "9"]
[EventCountry "ITA"]
[SourceTitle "CBM 113 Extra"]
[Source "ChessBase"]
[SourceDate "2006.09.14"]
[SourceVersion "1"]
[SourceVersionDate "2006.09.14"]
[SourceQuality "1"]

1. e4 c5 2. c3 Nf6 3. e5 Nd5 4. d4 cxd4 5. Nf3 e6 6. cxd4 d6 7. Bc4 Nc6 8. 0-0 Be7 9. Qe2 0-0 10. Rd1 Na5 11. Bd3 Nb4 12. exd6 Qxd6 13. Be4 f5 14. Bd3 Nxd3 15. Qxd3 Nc6 16. Nc3 Bf6 17. Nb5 Qb8 18. g3 Nb4 19. Qb3 Nd5 20. Nc3 Qd6 21. Nxd5 Qxd5 22. Qxd5 exd5 23. Bf4 Bd7 24. Rac1 Rac8 25. Re1 Kf7 26. Be5 Bb5 27. Bxf6 Kxf6 28. Ne5 f4 29. b3 fxg3 30. hxg3 Rfd8 31. f3 h5 32. Kf2 a5 33. Ke3 a4 34. b4 Bc4 35. a3 b5 36. Rh1 Rh8 37. Rh2 Rc7 38. Rch1 g6 39. g4 Rch7 40. Rh4 Bb3 41. g5+ Kxg5 42. Rg1+ Kf6 43. Rxg6+ Ke7 44. Rb6 Bc4 45. Ng6+ Kf7 46. Rf4+ Kg7 47. Nxh8 Rxh8 48. Rff6 Re8+ 49. Rfe6 Rc8 50. Rbc6 Ra8 51. Rc7+ Kg8 52. Rg6+ Kh8 53. Rh6+ Kg8 54. Rxh5 Re8+ 55. Re5 Rd8 56. Ree7 Kh8 57. f4 Ba2 58. f5 Bb1 59. Kf4 Bd3 60. Ke5 Be4 61. Rh7+ Kg8 62. Rcg7+ Kf8 63. Rh8+ Kxg7 64. Rxd8 1-0

[Event "Bratto op 26th"]
[Site "Bratto"]
[Date "2006.08.20"]
[Round "2"]
[White "D'Apa, Matteo"]
[Black "Lapenna, Antonio"]
[Result "0-1"]
[WhiteElo "2020"]
[BlackElo "2079"]
[PlyCount "100"]
[EventDate "2006.08.19"]
[EventType "swiss"]
[EventRounds "9"]
[EventCountry "ITA"]
[SourceTitle "CBM 113 Extra"]
[Source "ChessBase"]
[SourceDate "2006.09.14"]
[SourceVersion "1"]
[SourceVersionDate "2006.09.14"]
[SourceQuality "1"]

1. d4 Nf6 2. c4 g6 3. Nc3 Bg7 4. e4 d6 5. f3 0-0 6. Be3 c5 7. d5 e6 8. Qd2 exd5 9. exd5 Re8 10. 0-0-0 a6 11. Bh6 Bh8 12. h4 b5 13. g4 Nbd7 14. h5 Nb6 15. hxg6 fxg6 16. Nh3 Nfd7 17. Ng5 Nf6 18. Qh2 Ra7 19. Bd3 bxc4 20. Bc2 Re5 21. Bxg6 hxg6 22. Bf8 Nh5 23. gxh5 Qxg5+ 24. f4 Qxh5 25. fxe5 Qxh2 26. Rxh2 Bxe5 27. Rf2 Bd4 28. Rff1 Be3+ 29. Kc2 Bf5+ 30. Rxf5 gxf5 31. Bxd6 Rd7 32. Be5 Kf7 33. b3 Kg6 34. bxc4 Nxc4 35. Bh2 Bd4 36. Bg1 Ne3+ 37. Bxe3 Bxe3 38. Kd3 f4 39. Kc4 Kf5 40. Na4 f3 41. d6 f2 42. Kd5 Bf4 43. Rf1 Rxd6+ 44. Kxc5 Rd2 45. a3 Be3+ 46. Kc4 Rd4+ 47. Kb3 Kf4 48. Nc3 Kf3 49. Nd1 Rxd1 50. Rxd1 Ke2 0-1

[Event "Bratto op 26th"]
[Site "Bratto"]
[Date "2006.08.19"]
[Round "1"]
[White "Lapenna, Antonio"]
[Black "Isonzo, Davide"]
[Result "0-1"]
[WhiteElo "2079"]
[BlackElo "2361"]
[PlyCount "86"]
[EventDate "2006.08.19"]
[EventType "swiss"]
[EventRounds "9"]
[EventCountry "ITA"]
[SourceTitle "CBM 113 Extra"]
[Source "ChessBase"]
[SourceDate "2006.09.14"]
[SourceVersion "1"]
[SourceVersionDate "2006.09.14"]
[SourceQuality "1"]

1. d4 Nf6 2. Nf3 g6 3. c4 Bg7 4. Nc3 0-0 5. e4 d6 6. Be2 e5 7. 0-0 Nc6 8. d5 Ne7 9. Ne1 Ne8 10. Be3 f5 11. f3 f4 12. Bf2 g5 13. c5 Rf6 14. Rc1 Rh6 15. Nb5 a6 16. Na3 Nf6 17. cxd6 cxd6 18. Nc4 g4 19. Bb6 Qe8 20. fxg4 Nxe4 21. Bf3 Ng5 22. Bc7 e4 23. Nxd6 Rxd6 24. Bxd6 exf3 25. Nxf3 Bxg4 26. Bxf4 Bxf3 27. Rxf3 Nxf3+ 28. Qxf3 Qb5 29. Bd6 Qb6+ 30. Bc5 Bd4+ 31. Bxd4 Qxd4+ 32. Kh1 Qxd5 33. Qg4+ Ng6 34. h4 Kh8 35. h5 Ne7 36. Rc7 Rg8 37. Qe2 Nf5 38. Qc2 Ng3+ 39. Kg1 Qd4+ 40. Kh2 Nf1+ 41. Kh1 Qh4+ 42. Kg1 Qh2+ 43. Kxf1 Qh1+ 0-1

[Event "ITA-ch U20"]
[Site "Bratto"]
[Date "2005.08.27"]
[Round "8"]
[White "Lapenna, Antonio"]
[Black "Navarro, Stefano"]
[Result "0-1"]
[WhiteElo "2056"]
[BlackElo "2209"]
[PlyCount "100"]
[EventDate "2005.08.20"]
[EventType "swiss"]
[EventRounds "9"]
[EventCountry "ITA"]
[SourceTitle "EXT 2006"]
[Source "ChessBase"]
[SourceDate "2005.11.24"]
[SourceVersion "1"]
[SourceVersionDate "2005.11.24"]
[SourceQuality "1"]

1. e4 e5 2. Nf3 d6 3. d4 Nf6 4. Nc3 Nbd7 5. Bc4 Be7 6. 0-0 0-0 7. Re1 c6 8. Bb3 Qc7 9. Bg5 Re8 10. Bh4 Bf8 11. a4 Rb8 12. Qd2 h6 13. Rad1 a6 14. d5 c5 15. Qe2 Nh5 16. Bg3 Ndf6 17. Nd2 Bd7 18. Bc4 Rec8 19. Nf1 Be7 20. Ra1 Qd8 21. f3 Qe8 22. a5 Bd8 23. Nd2 Bc7 24. Qe3 Qd8 25. Nb3 Nxg3 26. hxg3 Nh5 27. Ne2 Bb5 28. Bxb5 axb5 29. g4 Nf6 30. a6 bxa6 31. Rxa6 c4 32. Nbc1 Bb6 33. Rxb6 Qxb6 34. Kf2 b4 35. Ng3 g6 36. Rh1 Kg7 37. Ke2 Qxe3+ 38. Kxe3 Ra8 39. Nge2 Ra1 40. Re1 Nd7 41. Kd2 Nc5 42. c3 b3 43. Nd3 Ra2 44. Nb4 Rxb2+ 45. Ke3 Ra8 46. f4 f6 47. g3 Rba2 48. fxe5 fxe5 49. Rb1 Ra1 50. Rb2 Na4 0-1

[Event "ITA-ch U20"]
[Site "Bratto"]
[Date "2005.08.25"]
[Round "6"]
[White "Lapenna, Antonio"]
[Black "Damia, Angelo"]
[Result "1/2-1/2"]
[WhiteElo "2056"]
[BlackElo "2155"]
[PlyCount "26"]
[EventDate "2005.08.20"]
[EventType "swiss"]
[EventRounds "9"]
[EventCountry "ITA"]
[SourceTitle "EXT 2006"]
[Source "ChessBase"]
[SourceDate "2005.11.24"]
[SourceVersion "1"]
[SourceVersionDate "2005.11.24"]
[SourceQuality "1"]

1. e4 d6 2. d4 Nf6 3. Nc3 e5 4. Nf3 Nbd7 5. Bc4 Be7 6. 0-0 0-0 7. Re1 exd4 8. Qxd4 h6 9. Bf4 Nc5 10. e5 dxe5 11. Qxd8 Rxd8 12. Bxe5 Bd6 13. Bxd6 cxd6 1/2-1/2

[Event "ITA-ch U20"]
[Site "Bratto"]
[Date "2005.08.24"]
[Round "5"]
[White "Lapenna, Antonio"]
[Black "Valsecchi, Alessio"]
[Result "1-0"]
[WhiteElo "2056"]
[BlackElo "1945"]
[PlyCount "67"]
[EventDate "2005.08.20"]
[EventType "swiss"]
[EventRounds "9"]
[EventCountry "ITA"]
[SourceTitle "EXT 2006"]
[Source "ChessBase"]
[SourceDate "2005.11.24"]
[SourceVersion "1"]
[SourceVersionDate "2005.11.24"]
[SourceQuality "1"]

1. e4 c5 2. Nf3 d6 3. d4 cxd4 4. Nxd4 Nf6 5. Nc3 g6 6. Be3 Nc6 7. f3 Bg7 8. Qd2 0-0 9. 0-0-0 d5 10. Kb1 Nxd4 11. e5 Ne8 12. Bxd4 Nc7 13. f4 Bd7 14. Be2 e6 15. Bc5 Bc6 16. Bxf8 Qxf8 17. Bf3 Qe8 18. g4 Bf8 19. Ne2 a5 20. h4 a4 21. h5 b5 22. hxg6 fxg6 23. Nd4 b4 24. g5 Bb5 25. Bg4 b3 26. Qh2 h5 27. gxh6 bxa2+ 28. Ka1 Bc4 29. Qg3 Rb8 30. Bh5 Rxb2 31. Kxb2 Qb8+ 32. Ka1 Ne8 33. Qxg6+ Kh8 34. Rdg1 1-0

[Event "ITA-ch U20"]
[Site "Bratto"]
[Date "2005.08.22"]
[Round "3"]
[White "Amato, Andrea"]
[Black "Lapenna, Antonio"]
[Result "1-0"]
[WhiteElo "2286"]
[BlackElo "2056"]
[PlyCount "83"]
[EventDate "2005.08.20"]
[EventType "swiss"]
[EventRounds "9"]
[EventCountry "ITA"]
[SourceTitle "EXT 2006"]
[Source "ChessBase"]
[SourceDate "2005.11.24"]
[SourceVersion "1"]
[SourceVersionDate "2005.11.24"]
[SourceQuality "1"]

1. e4 c5 2. c3 d5 3. exd5 Qxd5 4. d4 Nf6 5. Nf3 Bg4 6. Be2 e6 7. Na3 a6 8. Nc2 cxd4 9. Ncxd4 Be7 10. 0-0 0-0 11. h3 Bh5 12. c4 Qa5 13. Qc2 Bg6 14. Bd3 Bxd3 15. Qxd3 Nbd7 16. Qe2 h6 17. Bd2 Qc7 18. b4 Rac8 19. Rac1 Rfd8 20. c5 Ne5 21. Bc3 Ng6 22. g3 Nd5 23. Bd2 Bf6 24. Qe4 Ne5 25. Rfe1 Nxf3+ 26. Nxf3 Ne7 27. Bf4 Qc6 28. Be5 Bxe5 29. Nxe5 Qxe4 30. Rxe4 Rd2 31. a3 Rcd8 32. Nc4 Rd1+ 33. Rxd1 Rxd1+ 34. Kg2 Rd3 35. a4 Nf5 36. Na5 Rd7 37. b5 axb5 38. axb5 Rc7 39. Rc4 Kf8 40. b6 Rd7 41. c6 bxc6 42. b7 1-0

[Event "ITA-ch U20"]
[Site "Bratto"]
[Date "2005.08.21"]
[Round "2"]
[White "Lapenna, Antonio"]
[Black "Ronchetti, Niccolo"]
[Result "1/2-1/2"]
[WhiteElo "2056"]
[BlackElo "2395"]
[PlyCount "83"]
[EventDate "2005.08.20"]
[EventType "swiss"]
[EventRounds "9"]
[EventCountry "ITA"]
[SourceTitle "EXT 2006"]
[Source "ChessBase"]
[SourceDate "2005.11.24"]
[SourceVersion "1"]
[SourceVersionDate "2005.11.24"]
[SourceQuality "1"]

1. e4 c5 2. Nf3 Nc6 3. d4 cxd4 4. Nxd4 Nf6 5. Nc3 e5 6. Ndb5 d6 7. Nd5 Nxd5 8. exd5 Nb8 9. c4 Be7 10. Be2 0-0 11. 0-0 Nd7 12. a3 f5 13. b4 b6 14. f3 Rf6 15. f4 a6 16. fxe5 Nxe5 17. Nd4 Bd7 18. Qc2 Rc8 19. Bg5 b5 20. Bxf6 Bxf6 21. c5 Nc4 22. Nxf5 Bxa1 23. Rxa1 dxc5 24. Bxc4 cxb4 25. Ne7+ Qxe7 26. d6+ Rxc4 27. Qxc4+ bxc4 28. dxe7 b3 29. Rf1 g6 30. Rf8+ Kg7 31. Rb8 a5 32. Kf2 a4 33. Ke3 c3 34. Kd3 c2 35. Kd2 Kf7 36. e8Q+ Bxe8 37. Rb7+ Kg8 38. Kc1 Bc6 39. Ra7 h5 40. g3 Kf8 41. Ra6 Be8 42. Ra7 1/2-1/2